Music Quiz

Random Music or Album Quiz

Saves the Day Discography Quiz Stats

 Plays Quiz not verified by Sporcle

Support Sporcle.
Go Orange.
Score 0/75 Timer 10:00
0 Plays Today
Album Song % Correct
Stay What You AreAt Your Funeral
89.4%
Through Being CoolThrough Being Cool
83.2%
Stay What You AreFirefly
83.2%
In ReverieAnywhere With You
82.3%
Through Being CoolShoulder to the Wheel
81.4%
Stay What You AreCars & Calories
81.4%
Stay What You AreNightingale
81.4%
Through Being CoolAll-Star Me
80.5%
In ReverieIn Reverie
78.8%
Can't Slow DownJodie
77.9%
Stay What You AreFreakish
77.9%
Through Being CoolHolly Hox, Forget Me Nots
77%
Sound the AlarmSound the Alarm
76.1%
Through Being CoolBanned from the Back Porch
75.2%
Stay What You AreJukebox Breakdown
75.2%
Through Being CoolRocks Tonic Juice Magic
74.3%
Under the BoardsUnder the Boards
74.3%
Through Being CoolYou Vandal
72.6%
Stay What You AreSee You
72.6%
Stay What You AreCertain Tragedy
70.8%
Stay What You AreThis is Not an Exit
69%
Sound the AlarmBones
67.3%
In ReverieMonkey
66.4%
Under the BoardsRadio
66.4%
Through Being CoolThird Engine
65.5%
Stay What You AreAs Your Ghost Takes Flight
65.5%
In ReverieWhat Went Wrong
64.6%
Can't Slow DownThe Choke
62.8%
Through Being CoolThe Vast Spoils of America
61.1%
Sound the AlarmHell Is Here
61.1%
Can't Slow DownDeciding
59.3%
Through Being CoolDo You Know What I Love the Most?
59.3%
Can't Slow DownHandsome Boy
58.4%
Stay What You AreAll I'm Losing is Me
57.5%
Sound the AlarmThe End
57.5%
Can't Slow DownAlways Ten Feet Tall
56.6%
In ReverieShe
56.6%
Under the BoardsGet **** Up
56.6%
Album Song % Correct
Can't Slow DownHot Time in Delaware
55.8%
In ReverieDriving in the Dark
54.9%
In ReverieRise
54.9%
Sound the AlarmEulogy
54%
Can't Slow DownNebraska Bricks
53.1%
Sound the AlarmHead for the Hills
53.1%
Can't Slow DownSometimes, New Jersey
52.2%
Can't Slow DownThree Miles Down
51.3%
Through Being CoolMy Sweet Fracture
51.3%
Under the BoardsCan't Stay the Same
50.4%
In ReverieWednesday the Third
49.6%
Under the BoardsTurning Over in My Tomb
48.7%
Sound the Alarm34
47.8%
Under the BoardsWoe
47.8%
Through Being CoolThe Last Lie I Told
46.9%
Sound the AlarmDelusional
44.2%
In ReverieWhere Are You
42.5%
Can't Slow DownHouses and Billboards
41.6%
Can't Slow DownBlindfolded
40.7%
In ReverieMorning in the Moonlight
40.7%
Under the BoardsKaleidoscope
40.7%
In ReverieTomorrow Too Late
39.8%
Under the BoardsBecause You Are No Other
39.8%
Under the BoardsBye Bye Baby
38.9%
Sound the AlarmDying Day
37.2%
Can't Slow DownObsolete
36.3%
Sound the AlarmShattered
35.4%
In ReverieIn My Waking Life
33.6%
Can't Slow DownCollision
31.9%
Sound the AlarmSay You'll Never Leave
31.9%
Under the BoardsStay
31.9%
Under the BoardsGetaway
29.2%
Can't Slow DownSeeing It This Way
28.3%
Sound the AlarmDiseased
28.3%
Sound the AlarmDon't Know Why
23.9%
Under the BoardsLonely Nights
18.6%
Under the BoardsWhen I'm Not There
15.9%

You're not logged in!

Compare scores with friends on all Sporcle quizzes.
OR
Log In

From the Vault

Most Popular TV Shows of the 1990s

by dp1990

Back in the '90s, network television still dominated the game.
Remove Ads.
Support Sporcle.
Get the best of Sporcle when you Go Orange. This ad-free experience offers more features, more stats, and more fun while also helping to support Sporcle. Thank you for becoming a member.

Show Comments

Extras

Top Quizzes Today


Score Distribution

Your Account Isn't Verified!

In order to create a playlist on Sporcle, you need to verify the email address you used during registration. Go to your Sporcle Settings to finish the process.

Report this User

Report this user for behavior that violates our Community Guidelines.

Details: